History Quiz

Random History or War Quiz

US Defense Relationships Quiz Stats

 Plays Quiz Updated Jul 14, 2016

Challenge
Share
Tweet
Embed
Score 0/50 Timer 08:00
0 Plays Today
Region Country % Correct
EuropeUnited Kingdom
97.6%
EuropeFrance
97%
EuropeGermany
96.1%
N. AmericaCanada
94.1%
EuropeSpain
93.3%
EuropeItaly
92.8%
S. AmericaBrazil
92.3%
OceaniaAustralia
90.3%
AsiaJapan
90.2%
EuropePortugal
89%
S. AmericaArgentina
88.7%
EuropeNorway
88.5%
OceaniaNew Zealand
87.2%
EuropePoland
85.9%
Europe/AsiaTurkey
85.9%
EuropeBelgium
85.7%
S. AmericaChile
85.4%
EuropeDenmark
85.3%
EuropeGreece
83.9%
EuropeNetherlands
83.6%
AsiaSouth Korea
82.9%
S. AmericaPeru
81.1%
S. AmericaColombia
80.8%
N. AmericaPanama
80.2%
S. AmericaParaguay
80.1%
Region Country % Correct
S. AmericaUruguay
79.7%
EuropeCzechia
77.5%
EuropeHungary
76.2%
EuropeIceland
76.2%
EuropeEstonia
74.8%
EuropeLatvia
74.4%
EuropeLithuania
73.9%
EuropeSlovakia
72.8%
N. AmericaHaiti
71.9%
N. AmericaHonduras
71.8%
EuropeRomania
71.3%
N. AmericaCosta Rica
71%
EuropeLuxembourg
70.4%
N. AmericaDominican Republic
70.3%
EuropeSlovenia
70.2%
N. AmericaGuatemala
69%
EuropeCroatia
68.8%
N. AmericaEl Salvador
66.7%
EuropeBulgaria
66.2%
EuropeAlbania
63.2%
AsiaPhilippines
62.6%
N. AmericaBahamas
61.2%
AsiaThailand
60.3%
EuropeMontenegro
53.3%
N. AmericaTrinidad & Tobago
47.3%

You're not logged in!

Compare scores with friends on all Sporcle quizzes.
Join for Free
OR
Log In

You Might Also Like...

Show Comments

Extras

Top Quizzes Today


Score Distribution

Your Account Isn't Verified!

In order to create a playlist on Sporcle, you need to verify the email address you used during registration. Go to your Sporcle Settings to finish the process.

Report this User

Report this user for behavior that violates our Community Guidelines.

Details: